Statistics for Male or Female?

Click here to take the quiz!

General Stats

  • This quiz has been taken 45 times
  • The average score is 7 of 10

Answer Stats

QuestionAnswer% Correct
AGRIPPINAFemale
94%
AGRIPPAMale
89%
ATTILAMale
81%
AENEASMale
78%
ANTIGONEFemale
72%
CALYPSOFemale
72%
DIDOFemale
69%
SAPPHOFemale
56%
EOSFemale
28%
ERATOFemale
25%

Score Distribution

Percentile by Number Answered

Percent of People with Each Score

Your Score History

You have not taken this quiz